000 00356nab a22001097u 4500
008 130520b1986 xxu||||| |||| 00| 0 spa d
041 _aspa
100 1 _aDussel, Enrique D.
_98971
245 0 0 _aReligiosidad popular latinoamericana: Hipótesis fundamentales
_cEnrique D. Dussel
773 0 _tConcilium
_gV.2,1986,págs.99-113
_x0210-1041
_wRev134
942 _cAR
999 _c355227
_d355227